Statistics for X-Men: The Animated Series Characters

Click here to take the quiz!

General Stats

  • This quiz has been taken 30 times
  • The average score is 19 of 23

Answer Stats

HintAnswer% Correct
Has telekinesis and is a powerful telepathJean Grey
96%
Adamantium skeleton, claws and healing factorWolverine
96%
Shoots optic blastsCyclops
93%
Can charge objects, like explosive cardsGambit
93%
Master of magnetismMagneto
93%
Omega-level telepathProfessor X
93%
Can absorb life force and powers at a touchRogue
93%
Control over all weatherStorm
93%
Blue mutant with enhanced strength and agilityBeast
89%
Russian who can turn his body into steelColossus
89%
Can turn himself into ice and freeze his surroundingsIceman
89%
Can create deadly exlosive “fireworks”Jubilee
89%
Immense strength; has a helmet that blocks telepathsJuggernaut
89%
Blue shapeshifter who worked for the aboveMystique
89%
Mutant with wingsAngel
86%
Has control over firePyro
86%
Has a huge belly with unstoppable momentumBlob
82%
Time-travelling black mutant who can redirect energyBishop
79%
Another time-traveller who is a cyborgCable
79%
Most piwerful mutant ever whose powers are limitlessApocalypse
71%
Shape-shifting X-Man who was possessed temporarilyMorph
54%
Pro-mutant politician who became presidentRobert Kelly
46%
Can cause earthquakesAvalanche
43%

Score Distribution

Percentile by Number Answered

Percent of People with Each Score

Your Score History

You have not taken this quiz